| 000 | 00459pab a2200181 454500 | ||
|---|---|---|---|
| 008 | 180718b2005 xxu||||| |||| 00| 0 eng d | ||
| 100 | _aYair, Gad | ||
| 245 | _aIn a double bind: conflicts over education and Mayoral election outcomes | ||
| 260 | _c2005 | ||
| 300 | _ap.167-84. | ||
| 362 | _aApr | ||
| 650 | _aMayor | ||
| 650 | _aElections | ||
| 650 | _aEducation | ||
| 650 | _aLocal government | ||
| 773 | _aLocal Government Studies | ||
| 909 | _a65045 | ||
| 999 |
_c65045 _d65045 |
||